Estatísticas para Capitais que Começam com D

Clique aqui para jogar o quiz

Estatísticas Gerais

  • Esse quiz foi jogado 24 vezes
  • A pontuação média é 4 de 9

Estatísticas das Respostas

Resposta% Correto
Damasco
93%
Doha
50%
Dublin
50%
Daca
36%
Dodoma
36%
Dacar
29%
Djibuti
29%
Díli
14%
Duchambé
14%

Distribuição das Pontuações

Percentil de Números Respondidos

Porcentagem de Pessoas com Cada Pontuação

Sua Pontuação Histórica

Você não jogou esse quiz